| 000 | 00550nam a2200205 i 4500 | ||
|---|---|---|---|
| 001 | 65994 | ||
| 003 | ES-MaACL | ||
| 005 | 20250912063043.0 | ||
| 007 | t| | ||
| 008 | 040126s1964 sp |||| | cat d | ||
| 080 | _a087.5:82 | ||
| 100 | 1 |
_aFuster, Joan, _d1870-1943 _9163688 |
|
| 245 | 1 | 0 |
_aDiccionari per a ociosos / _cJoan Fuster. |
| 260 |
_aBarcelona : _bA.C., _c1964. |
||
| 300 |
_a206 p. ; _c19 cm. |
||
| 490 | 1 |
_aCara i creu ; _v1 |
|
| 830 | 0 |
_aCara i creu ; _v1 _9181854 |
|
| 852 |
_aES-MaACL _jF-9869 |
||
| 999 |
_c65994 _d65994 |
||